Statistics for A Christmas Story

Click here to take the quiz!

General Stats

  • This quiz has been taken 562 times
    (491 since last reset)
  • The average score is 8 of 20

Answer Stats

HintAnswer% Correct
What brand of BB gun did Ralphie want for Christmas?Red Ryder
82%
What was the "Chinese Turkey" the family ate?duck
78%
What did Ralphie lie about and said hit his glasses?icicle
75%
What "swear" word did Ralphie say on the side of the road?fudge
70%
What radio show did Ralphie listen to religiously?Little Orphan Annie
63%
What was the Little Orphan Annie secret message an advertisement for?Ovaltine
54%
What did Ralphie's dad complete to win the Major Award?crossword puzzle
48%
What was Ralphie's little brother's name?Randy
46%
Who did Ralphie say he heard the swear word from?Schwartz
37%
What made Ralphie go "blind?"soap poisoning
35%
Who got his tongue stuck to a frozen pole?Flick
31%
What was in the stock of the BB gun that Ralphie coveted?compass
30%
What was the redheaded bully's name?Scut Farkas
25%
What brand of soap did Ralphie's mom use to wash his mouth out?Lifebuoy
22%
What make of car did Ralphie's dad drive?Oldsmobile
20%
In which magazine did Ralphie slip an ad for the BB gun that he wanted?Look
19%
What was the name of the Lone Ranger's nephew's horse?Victor
13%
Which aunt made Ralphie a bunny suit?Clara
12%
What was the bully's little toadie's name?Grover Dill
11%
"Getting ready to go to school was like getting ready for ________ ____ ___ ______"extended deep sea diving
8%

Score Distribution

Percentile by Number Answered

Percent of People with Each Score

Your Score History

You have not taken this quiz since the last reset